000 00588cam a2200217 a 4500
999 _c3897
_d3897
003 OSt
005 20220218113747.0
008 840716s1985 nyua b 001 0 eng
020 _a0471807893
040 _cDLC
050 0 0 _aQH430
_b.L487 1985
100 1 _aLewin, Benjamin.
245 0 0 _aGenes /
_cBenjamin Lewin.
250 _a2nd ed.
260 _aNew York :
_bWiley,
_cc1985.
300 _axv, 716 p. :
_bill. ;
_c25 cm.
504 _aIncludes bibliographical references and index.
650 0 _aGenetics.
906 _a7
_bcbc
_corignew
_d1
_eocip
_f19
_gy-gencatlg
942 _2lcc
_cBK